000 00923nam0a22003011 4500
001 RU\NLR\INFOCOMM_41\5000247754
005 20250613090421.0
035 _a(NLR Aleph) 009066111
090 _a7893920
_c7893920
100 _a20081014d1978 |||y0rusy50 ca
101 1 _ager
_crus
102 _aDE
_aRU
105 _ay z 000ay
200 1 _aAljonka
_eErzählung
_fSergej Antonow
_g[Übers.: Halina Wiegershausen]
205 _a2. Aufl.
210 _aBerlin
_cVolk u. Wissen
_aМ.
_cProgress
_d1978
215 _a63 с.
_d23 см
311 _a"Orig.-Titel: Алёнка"
454 0 _12001#$aАлёнка
_tАлёнка
686 _aШ6(2-Р)77(нем)
_2rubbk
700 1 _9z02790
_aAntonov
_bS. P.
_f1915-1995
_gSergej Petrovič
_4070
790 1 _9z02700
_aAntonow
_bS.
_gSergej
_4070
801 1 _aRU
_bNLR
_c20081014
801 0 _aRU
_bNLR
_gPSBO
852 _aNLR
_jЛ31 Д-6/2
942 _cBOOK
980 _aNB